[Event "18th HZ Open 2014"]
[Site "Vlissingen NED"]
[Date "2014.08.03"]
[Round "3.8"]
[White "Raghavi, N."]
[Black "Romanishin, O."]
[Result "1/2-1/2"]
[WhiteElo "2275"]
[BlackElo "2509"]
[PlyCount "76"]
[EventDate "2014.08.02"]
[EventType "swiss"]
[EventRounds "9"]
[EventCountry "NED"]
[Source "Mark Crowther"]
[SourceDate "2014.08.04"]

1. e4 c5 2. Nf3 e6 3. g3 Nc6 4. Bg2 Nf6 5. Qe2 d6 6. c3 e5 7. d4 cxd4 8. cxd4
Bg4 9. d5 Nd4 10. Qd3 Nxf3+ 11. Bxf3 Bh3 12. Nc3 Be7 13. Be2 O-O 14. Bf1 Qd7
15. f3 Bd8 16. Be3 Ba5 17. Kf2 Rac8 18. Be2 Qd8 19. g4 Bxg4 20. fxg4 Bxc3 21.
bxc3 Rxc3 22. Qb1 Nxg4+ 23. Bxg4 Qh4+ 24. Kf3 Qg5 25. Qg1 Qf4+ 26. Ke2 Qxe4 27.
Bf3 Rc2+ 28. Kd1 Qd3+ 29. Ke1 Qc3+ 30. Kd1 Qd3+ 31. Ke1 Qc3+ 32. Kd1 Rc8 33.
Rb1 Qd3+ 34. Ke1 Qc3+ 35. Kd1 Qd3+ 36. Ke1 Qc3+ 37. Kf1 Qc4+ 38. Ke1 Qc3+
1/2-1/2

[Event "18th HZ Open 2014"]
[Site "Vlissingen NED"]
[Date "2014.08.03"]
[Round "3.9"]
[White "Venkatesh, M."]
[Black "Dardha, A."]
[Result "1-0"]
[WhiteElo "2503"]
[BlackElo "2272"]
[PlyCount "57"]
[EventDate "2014.08.02"]
[EventType "swiss"]
[EventRounds "9"]
[EventCountry "NED"]
[Source "Mark Crowther"]
[SourceDate "2014.08.04"]

1. e4 c5 2. b3 d6 3. Bb2 Nc6 4. Bb5 e5 5. Bxc6+ bxc6 6. Ne2 f5 7. exf5 Bxf5 8.
O-O Nf6 9. f4 exf4 10. Nxf4 Be7 11. Nh5 Nxh5 12. Qxh5+ Bg6 13. Qe2 Kd7 14. Bxg7
Rg8 15. Bc3 a5 16. d3 d5 17. Be5 Bd6 18. Rf6 Bxe5 19. Qxe5 Qe7 20. Qxe7+ Kxe7
21. Rxc6 Rgc8 22. Rb6 c4 23. Nc3 cxd3 24. Nxd5+ Kf8 25. cxd3 Bxd3 26. Rf6+ Kg7
27. Rf3 Be4 28. Rg3+ Kh8 29. Nb6 1-0

[Event "18th HZ Open 2014"]
[Site "Vlissingen NED"]
[Date "2014.08.03"]
[Round "3.10"]
[White "Schippers, Maurice"]
[Black "Semcesen, D."]
[Result "0-1"]
[WhiteElo "2267"]
[BlackElo "2489"]
[PlyCount "160"]
[EventDate "2014.08.02"]
[EventType "swiss"]
[EventRounds "9"]
[EventCountry "NED"]
[Source "Mark Crowther"]
[SourceDate "2014.08.04"]

1. e4 e5 2. Nf3 Nc6 3. Bc4 g6 4. d4 exd4 5. c3 d3 6. Qxd3 Bg7 7. O-O Nge7 8.
Bg5 h6 9. Be3 d6 10. Qd2 Be6 11. Bxe6 fxe6 12. Na3 Qd7 13. Nc2 g5 14. Rad1 Ng6
15. Nfd4 Nce5 16. Qe2 O-O 17. f3 Rf7 18. c4 Qe7 19. b4 a6 20. Nb3 Rd8 21. Rd2
Nf4 22. Bxf4 Rxf4 23. Ne3 Rdf8 24. Rfd1 g4 25. Nxg4 Nxg4 26. fxg4 Qg5 27. Nd4
Qg6 28. Re1 Rxg4 29. Qd3 Rff4 30. Rde2 h5 31. Nf3 h4 32. Kh1 Bf6 33. Qc2 Qh5
34. Ng1 Rg7 35. Qd3 Qe5 36. Qh3 Rgg4 37. Nf3 Qc3 38. e5 dxe5 39. Nxe5 Bxe5 40.
Rxe5 Qxe5 41. Qxg4+ Rxg4 42. Rxe5 Rxc4 43. h3 Rxb4 44. Rxe6 Kf7 45. Rh6 c5 46.
a3 Ra4 47. Rh7+ Ke6 48. Rxb7 Rxa3 49. Kg1 Kd5 50. Kf2 a5 51. Ke2 Ra4 52. Kd3
Ra3+ 53. Kc2 Kc4 54. Rh7 Ra2+ 55. Kc1 Rxg2 56. Rxh4+ Kc3 57. Kb1 a4 58. Rxa4
Rg1+ 59. Ka2 c4 60. Ra8 Kd2 61. Rd8+ Kc2 62. Rf8 Rg2 63. h4 c3 64. Rd8 Rg7 65.
Ra8 Rh7 66. Ra4 Rh8 67. Ka3 Rh7 68. Ka2 Rh5 69. Ka3 Rh8 70. Ka2 Rh6 71. Ka3 Rd6
72. Ka2 Rd7 73. h5 Kd1 74. Rh4 c2 75. Rh1+ Kd2 76. Rh2+ Kc3 77. Rh3+ Rd3 78.
Rh1 Rd1 79. Rh3+ Kc4 80. Rh4+ Kc5 0-1

[Event "18th HZ Open 2014"]
[Site "Vlissingen NED"]
[Date "2014.08.03"]
[Round "3.11"]
[White "Visser, HJ."]
[Black "Vishnu, P."]
[Result "0-1"]
[WhiteElo "2256"]
[BlackElo "2469"]
[PlyCount "68"]
[EventDate "2014.08.02"]
[EventType "swiss"]
[EventRounds "9"]
[EventCountry "NED"]
[Source "Mark Crowther"]
[SourceDate "2014.08.04"]

1. e4 e5 2. Nf3 Nc6 3. Bb5 a6 4. Ba4 Nf6 5. O-O Be7 6. Re1 b5 7. Bb3 d6 8. c3
O-O 9. h3 Nb8 10. d4 Nbd7 11. Nbd2 Bb7 12. Bc2 Re8 13. a4 Bf8 14. Bd3 c6 15. b3
g6 16. Bb2 Qc7 17. Qc2 Nh5 18. g3 Ng7 19. Kh2 Rac8 20. Qb1 Qb6 21. c4 Ne6 22.
b4 exd4 23. axb5 axb5 24. cxb5 d5 25. exd5 cxd5 26. Kg2 Bxb4 27. Bxd4 Nxd4 28.
Qxb4 Nxf3 29. Nxf3 d4 30. Rxe8+ Rxe8 31. Re1 Bxf3+ 32. Kxf3 Qb7+ 33. Be4 Rxe4
34. Rxe4 Ne5+ 0-1

[Event "18th HZ Open 2014"]
[Site "Vlissingen NED"]
[Date "2014.08.03"]
[Round "3.12"]
[White "Beeke, B."]
[Black "Zelbel, P."]
[Result "1/2-1/2"]
[WhiteElo "2243"]
[BlackElo "2410"]
[PlyCount "45"]
[EventDate "2014.08.02"]
[EventType "swiss"]
[EventRounds "9"]
[EventCountry "NED"]
[Source "Mark Crowther"]
[SourceDate "2014.08.04"]

1. Nf3 g6 2. g3 Bg7 3. Bg2 Nf6 4. O-O O-O 5. c4 d6 6. Nc3 Nc6 7. Rb1 Bf5 8. d3
Qd7 9. Re1 a5 10. Bd2 h6 11. Nb5 e5 12. Bc3 Nd8 13. e4 Be6 14. a4 Ne8 15. Qd2
b6 16. b3 c6 17. Na3 c5 18. Nc2 Nc6 19. Ne3 Ne7 20. Kh1 Rb8 21. Ng1 f5 22. Nd5
fxe4 23. dxe4 1/2-1/2

[Event "18th HZ Open 2014"]
[Site "Vlissingen NED"]
[Date "2014.08.03"]
[Round "3.13"]
[White "Hopman, P."]
[Black "Provoost, S."]
[Result "1-0"]
[WhiteElo "2387"]
[BlackElo "2260"]
[PlyCount "89"]
[EventDate "2014.08.02"]
[EventType "swiss"]
[EventRounds "9"]
[EventCountry "NED"]
[Source "Mark Crowther"]
[SourceDate "2014.08.04"]

1. e4 c6 2. d3 d5 3. f4 dxe4 4. dxe4 Qxd1+ 5. Kxd1 g6 6. Nf3 Bg7 7. Nbd2 Nf6 8.
c3 Nbd7 9. e5 Ng4 10. Ne4 f5 11. exf6 Ndxf6 12. Nxf6+ exf6 13. Ke1 O-O 14. h3
Re8+ 15. Be2 Ne3 16. Kf2 Nf5 17. Bc4+ Be6 18. Bxe6+ Rxe6 19. g4 Nd6 20. Re1
Rxe1 21. Nxe1 Ne4+ 22. Kf3 f5 23. Be3 Rd8 24. Rc1 Nd2+ 25. Ke2 Nc4 26. b3 Nxe3
27. Kxe3 Re8+ 28. Kf3 fxg4+ 29. hxg4 Bxc3 30. Rxc3 Rxe1 31. Rd3 Re7 32. f5 Kf7
33. Rd6 gxf5 34. gxf5 c5 35. Rh6 Ke8 36. Kf4 Kd8 37. f6 Rc7 38. Ke5 b5 39. Ke6
Ke8 40. Kd6 Kd8 41. Rh5 Rf7 42. Ke6 Rc7 43. Rg5 Rc6+ 44. Kf7 c4 45. Kg7 1-0

[Event "18th HZ Open 2014"]
[Site "Vlissingen NED"]
[Date "2014.08.03"]
[Round "3.14"]
[White "Roos, Ad"]
[Black "Leenhouts, K."]
[Result "0-1"]
[WhiteElo "2211"]
[BlackElo "2385"]
[PlyCount "66"]
[EventDate "2014.08.02"]
[EventType "swiss"]
[EventRounds "9"]
[EventCountry "NED"]
[Source "Mark Crowther"]
[SourceDate "2014.08.04"]

1. d4 Nf6 2. c4 g6 3. Nc3 d5 4. Nf3 Bg7 5. Qb3 dxc4 6. Qxc4 O-O 7. e4 Nc6 8.
Be2 e5 9. d5 Nd4 10. Nxd4 exd4 11. Qxd4 c6 12. Qc4 b5 13. Qxc6 Bd7 14. Qd6 Rb8
15. a3 Re8 16. Bg5 a5 17. f3 b4 18. axb4 axb4 19. Bxf6 Bxf6 20. Nd1 Bd4 21. Ra6
Qc8 22. Qf4 f5 23. Qg5 fxe4 24. f4 Qc1 25. d6 Re5 26. Qg3 Rd5 27. Qb3 Be6 28.
Qa4 Bc5 29. Ra8 Qd2+ 30. Kf1 Qxf4+ 31. Ke1 Qd2+ 32. Kf1 Rf5+ 33. Bf3 Bc4# 0-1

[Event "18th HZ Open 2014"]
[Site "Vlissingen NED"]
[Date "2014.08.03"]
[Round "3.15"]
[White "Ten Hertog, H."]
[Black "Rebers, E."]
[Result "1-0"]
[WhiteElo "2356"]
[BlackElo "2240"]
[PlyCount "83"]
[EventDate "2014.08.02"]
[EventType "swiss"]
[EventRounds "9"]
[EventCountry "NED"]
[Source "Mark Crowther"]
[SourceDate "2014.08.04"]

1. e4 d6 2. d4 Nf6 3. Nc3 e5 4. Nf3 Nbd7 5. g4 Nxg4 6. Rg1 Ngf6 7. Bc4 h6 8.
dxe5 dxe5 9. Be3 c6 10. Qd3 Qc7 11. Bxf7+ Kxf7 12. Qc4+ Ke7 13. Nh4 Kd8 14.
O-O-O Qa5 15. Qe6 Kc7 16. Ng6 Rg8 17. Nxf8 Qb4 18. Nxd7 Re8 19. Nxf6 Bxe6 20.
Rxg7+ Re7 21. a3 Rxg7 22. axb4 Rg6 23. Nh5 Bg4 24. Ng3 Bxd1 25. Kxd1 a5 26.
bxa5 Rxa5 27. h4 b5 28. b3 Ra1+ 29. Ke2 Rg1 30. h5 R6xg3 31. fxg3 Rxg3 32. Nb1
Rh3 33. Bxh6 Rxh5 34. Be3 Kd6 35. b4 Rh4 36. Nd2 Rg4 37. Kd3 Rg3 38. Nb3 Rh3
39. Nc5 Rg3 40. Ke2 Rg2+ 41. Bf2 Rg6 42. Nd3 1-0

[Event "18th HZ Open 2014"]
[Site "Vlissingen NED"]
[Date "2014.08.03"]
[Round "3.16"]
[White "Grochal, J."]
[Black "Taddei, B."]
[Result "0-1"]
[WhiteElo "2205"]
[BlackElo "2348"]
[PlyCount "72"]
[EventDate "2014.08.02"]
[EventType "swiss"]
[EventRounds "9"]
[EventCountry "NED"]
[Source "Mark Crowther"]
[SourceDate "2014.08.04"]

1. d4 Nc6 2. c4 e5 3. d5 Nce7 4. Nc3 Ng6 5. Nf3 Nf6 6. Bg5 Bb4 7. Qb3 a5 8. a3
Bxc3+ 9. Qxc3 d6 10. b3 h6 11. Bc1 O-O 12. g3 Ne4 13. Qc2 f5 14. Bg2 Qf6 15.
Nd2 Nc5 16. Bb2 f4 17. Ne4 Nxe4 18. Bxe4 Ne7 19. O-O-O fxg3 20. fxg3 Bh3 21.
Rd3 Nf5 22. Qd2 Qg6 23. Rf3 Bg2 24. Bxf5 Rxf5 25. Rxf5 Qxf5 26. Re1 a4 27. b4
Rf8 28. Bc3 Qg4 29. Qd3 Be4 30. Qe3 Bg6 31. c5 Qc4 32. Qd2 Rf2 33. h4 Rg2 34.
h5 Be4 35. Qe3 Bh7 36. g4 Qa2 0-1

[Event "18th HZ Open 2014"]
[Site "Vlissingen NED"]
[Date "2014.08.03"]
[Round "3.17"]
[White "De Jong, M."]
[Black "Brookes, C."]
[Result "1/2-1/2"]
[WhiteElo "2345"]
[BlackElo "2231"]
[PlyCount "103"]
[EventDate "2014.08.02"]
[EventType "swiss"]
[EventRounds "9"]
[EventCountry "NED"]
[Source "Mark Crowther"]
[SourceDate "2014.08.04"]

1. e4 c5 2. Nf3 Nc6 3. Bb5 Nf6 4. e5 Nd5 5. O-O g6 6. Bxc6 dxc6 7. d4 cxd4 8.
Qxd4 Qb6 9. Qh4 Bg7 10. c4 Nc7 11. b3 Ne6 12. Ba3 Qc7 13. Nc3 f6 14. Rfe1 O-O
15. Ne4 fxe5 16. Neg5 Nxg5 17. Nxg5 h6 18. Ne4 Rf7 19. Qg3 Bf5 20. Bb2 Raf8 21.
Nd2 Qd6 22. Nf3 e4 23. Ne5 Bxe5 24. Bxe5 Qd3 25. Re3 Qd2 26. h3 Kh7 27. a4 Rd8
28. Rae1 Rd3 29. Kh2 Qxe1 30. Rxe1 Rxg3 31. Kxg3 Rf8 32. Rd1 Kg8 33. Bf4 g5 34.
Be3 a6 35. h4 Kf7 36. hxg5 Rg8 37. Rh1 hxg5 38. Rh6 Rg7 39. b4 Rg8 40. b5 axb5
41. axb5 cxb5 42. cxb5 Rg6 43. Rh8 Rg8 44. Rxg8 Kxg8 45. b6 g4 46. Kf4 Bd7 47.
g3 Kf7 48. Kxe4 Bc6+ 49. Ke5 Bf3 50. Kf5 Be2 51. Bc5 Bf3 52. Ke5 1/2-1/2

[Event "18th HZ Open 2014"]
[Site "Vlissingen NED"]
[Date "2014.08.03"]
[Round "3.18"]
[White "Van Osch, Mees"]
[Black "Sadikhov, U."]
[Result "0-1"]
[WhiteElo "2200"]
[BlackElo "2335"]
[PlyCount "133"]
[EventDate "2014.08.02"]
[EventType "swiss"]
[EventRounds "9"]
[EventCountry "NED"]
[Source "Mark Crowther"]
[SourceDate "2014.08.04"]

1. e4 d6 2. d4 Nf6 3. Nc3 e5 4. Nf3 Nbd7 5. Bc4 Be7 6. O-O O-O 7. Re1 c6 8. a4
a5 9. h3 Nb6 10. Bb3 Nfd7 11. Be3 exd4 12. Bxd4 Nc5 13. Bxc5 dxc5 14. Qe2 Qd6
15. Rad1 Qf4 16. Qd3 c4 17. Bxc4 Nxc4 18. Qxc4 Bxh3 19. Ne2 Qg4 20. Ng3 Qe6 21.
Qxe6 Bxe6 22. Nd4 Bc5 23. b3 Rad8 24. Nge2 Bc8 25. Kf1 Rfe8 26. f3 Rd6 27. Rd3
Rf6 28. Ng3 Rd6 29. Red1 g6 30. Nde2 Red8 31. Rxd6 Rxd6 32. Rxd6 Bxd6 33. Kf2
h5 34. Nc1 f6 35. Nd3 Kf7 36. Nf1 Be6 37. Ne3 Bc7 38. Nc5 Bc8 39. Ke2 Ke7 40.
Nd3 b6 41. Kd2 Bd7 42. c4 Be6 43. Kc3 Bd6 44. Kd4 h4 45. e5 Bc7 46. exf6+ Kxf6
47. Ke4 Kg5 48. Nf2 Bd6 49. Nh3+ Kf6 50. Nf2 Bc7 51. Nfg4+ Kg5 52. Nf2 Bb8 53.
Nh3+ Kf6 54. Ng4+ Ke7 55. Ng5 Bf5+ 56. Kd4 Bc2 57. Kc3 Bd1 58. Ne3 Be5+ 59. Kd3
Bxb3 60. Ke4 Bf6 61. Nh3 Bxa4 62. Nf4 Kf7 63. Nd3 Bb3 64. Nc1 a4 65. Kd3 Bb2
66. c5 Bxc1 67. cxb6 0-1

[Event "18th HZ Open 2014"]
[Site "Vlissingen NED"]
[Date "2014.08.03"]
[Round "3.19"]
[White "Piceu, T."]
[Black "Senders, Mischa"]
[Result "0-1"]
[WhiteElo "2330"]
[BlackElo "2223"]
[PlyCount "68"]
[EventDate "2014.08.02"]
[EventType "swiss"]
[EventRounds "9"]
[EventCountry "NED"]
[Source "Mark Crowther"]
[SourceDate "2014.08.04"]

1. d4 d5 2. c4 c6 3. Nf3 Nf6 4. Nc3 dxc4 5. a4 Bf5 6. e3 e6 7. Bxc4 Bb4 8. O-O
O-O 9. Qe2 Bg6 10. Rd1 Nbd7 11. Bd2 Qe7 12. Be1 Rad8 13. a5 e5 14. dxe5 Nxe5
15. Nxe5 Qxe5 16. a6 b5 17. Bb3 Bd6 18. g3 Bc5 19. Rxd8 Rxd8 20. Rd1 Re8 21.
Qf3 Qc7 22. Rc1 Qb6 23. Na2 Ne4 24. h4 h5 25. Nc3 Nf6 26. Ne2 Ng4 27. Nf4 Be4
28. Qe2 Ne5 29. Qxh5 Bxe3 30. Ra1 Bxf4 31. gxf4 Nf3+ 32. Kf1 Qc7 33. Rd1 Nxe1
34. Rxe1 Bd3+ 0-1

[Event "18th HZ Open 2014"]
[Site "Vlissingen NED"]
[Date "2014.08.03"]
[Round "3.20"]
[White "Dijkhuis, Tycho"]
[Black "Timmermans, I."]
[Result "1/2-1/2"]
[WhiteElo "2327"]
[BlackElo "2203"]
[PlyCount "40"]
[EventDate "2014.08.02"]
[EventType "swiss"]
[EventRounds "9"]
[EventCountry "NED"]
[Source "Mark Crowther"]
[SourceDate "2014.08.04"]

1. e4 e5 2. Nf3 Nc6 3. Bb5 Nf6 4. O-O Nxe4 5. d4 Nd6 6. dxe5 Nxb5 7. a4 Nbd4 8.
Nxd4 Nxd4 9. Qxd4 d5 10. exd6 Qxd6 11. Qe3+ Be7 12. Nc3 c6 13. Re1 Be6 14. Ne4
Qc7 15. Nc5 Bxc5 16. Qxc5 Qe7 17. Qe5 O-O 18. b3 Rfe8 19. Ba3 Qd7 20. Rad1 Bd5
1/2-1/2

[Event "18th HZ Open 2014"]
[Site "Vlissingen NED"]
[Date "2014.08.03"]
[Round "3.21"]
[White "Saravanan, V1."]
[Black "Gieben, Stijn"]
[Result "1-0"]
[WhiteElo "2320"]
[BlackElo "2134"]
[PlyCount "41"]
[EventDate "2014.08.02"]
[EventType "swiss"]
[EventRounds "9"]
[EventCountry "NED"]
[Source "Mark Crowther"]
[SourceDate "2014.08.04"]

1. Nf3 d5 2. d4 Nf6 3. c4 c6 4. e3 e6 5. Bd3 Nbd7 6. b3 Bd6 7. Bb2 O-O 8. Nbd2
Qc7 9. O-O Re8 10. Qc2 g6 11. a3 Bf8 12. Rac1 a5 13. Rfe1 Bg7 14. Ne5 Nxe5 15.
dxe5 Nd7 16. f4 Qd8 17. Bf1 c5 18. cxd5 exd5 19. Bb5 b6 20. Bc6 Ra7 21. Qd3 1-0

[Event "18th HZ Open 2014"]
[Site "Vlissingen NED"]
[Date "2014.08.03"]
[Round "3.22"]
[White "Kampman, T."]
[Black "Timmermans, M."]
[Result "0-1"]
[WhiteElo "2090"]
[BlackElo "2320"]
[PlyCount "72"]
[EventDate "2014.08.02"]
[EventType "swiss"]
[EventRounds "9"]
[EventCountry "NED"]
[Source "Mark Crowther"]
[SourceDate "2014.08.04"]

1. e4 e5 2. c4 Nc6 3. Nc3 g6 4. d3 Bg7 5. h4 h6 6. Be3 d6 7. Nge2 Nge7 8. Qd2
Nd4 9. O-O-O c5 10. Kb1 Rb8 11. f4 Bg4 12. Rc1 a6 13. fxe5 dxe5 14. Ng3 h5 15.
Be2 Nxe2 16. Ngxe2 Qd6 17. Rhf1 O-O 18. Nd5 Nxd5 19. cxd5 b6 20. Ng1 f6 21. Nf3
Kh7 22. Nh2 Qd7 23. Rf2 a5 24. Rcf1 a4 25. Rc1 Ra8 26. Rc4 Qc8 27. Rc1 Bd7 28.
Nf3 Qa6 29. Ne1 Rac8 30. Ka1 f5 31. Rf1 c4 32. dxc4 Rxc4 33. Nf3 Rfc8 34. Ng5+
Kg8 35. d6 Qb5 36. Bxb6 Rc2 0-1

[Event "18th HZ Open 2014"]
[Site "Vlissingen NED"]
[Date "2014.08.03"]
[Round "3.23"]
[White "Van Foreest, Jorden"]
[Black "Steen, P."]
[Result "1/2-1/2"]
[WhiteElo "2467"]
[BlackElo "2100"]
[PlyCount "91"]
[EventDate "2014.08.02"]
[EventType "swiss"]
[EventRounds "9"]
[EventCountry "NED"]
[Source "Mark Crowther"]
[SourceDate "2014.08.04"]

1. e4 d6 2. d4 Nf6 3. Nc3 Nbd7 4. Nf3 e5 5. Bc4 Be7 6. O-O O-O 7. h3 c6 8. a4
h6 9. Re1 Qc7 10. Be3 Re8 11. Qe2 Nf8 12. Rad1 Ng6 13. Bb3 Bf8 14. Qc4 a6 15.
dxe5 Nxe5 16. Nxe5 dxe5 17. Nd5 Nxd5 18. exd5 Bf5 19. d6 Qd7 20. Qb4 Be6 21. c4
g5 22. c5 a5 23. Bxe6 Rxe6 24. Qg4 Bg7 25. h4 Rf8 26. hxg5 hxg5 27. Qf5 g4 28.
g3 Re7 29. Qh5 Re6 30. Kg2 f5 31. Rh1 f4 32. Qh7+ Kf7 33. gxf4 Rg6 34. Qh4 Qf5
35. d7 Qe4+ 36. Kg1 Rh6 37. Qxh6 Bxh6 38. Rxh6 exf4 39. Bd4 Rd8 40. Bc3 g3 41.
Re1 gxf2+ 42. Kxf2 Qf5 43. Re5 Qc2+ 44. Re2 Qf5 45. Re5 Qc2+ 46. Re2 1/2-1/2

[Event "18th HZ Open 2014"]
[Site "Vlissingen NED"]
[Date "2014.08.03"]
[Round "3.24"]
[White "Geirnaert, S."]
[Black "Rosmuller, A."]
[Result "1-0"]
[WhiteElo "2419"]
[BlackElo "2104"]
[PlyCount "53"]
[EventDate "2014.08.02"]
[EventType "swiss"]
[EventRounds "9"]
[EventCountry "NED"]
[Source "Mark Crowther"]
[SourceDate "2014.08.04"]

1. d4 Nf6 2. c4 g6 3. f3 Bg7 4. e4 d6 5. Nc3 O-O 6. Be3 e5 7. Nge2 exd4 8. Nxd4
Re8 9. Be2 c6 10. Nc2 d5 11. cxd5 cxd5 12. exd5 Bf5 13. Bf2 Nxd5 14. Nxd5 Bxc2
15. Qxc2 Qxd5 16. O-O Nc6 17. Bc4 Qg5 18. f4 Qf6 19. Kh1 Rac8 20. Rae1 Rxe1 21.
Rxe1 Qxf4 22. Bg3 Qd4 23. Bxf7+ Kxf7 24. Qb3+ Kf6 25. Rf1+ Kg5 26. Bf4+ Kh5 27.
Qh3# 1-0

[Event "18th HZ Open 2014"]
[Site "Vlissingen NED"]
[Date "2014.08.03"]
[Round "3.25"]
[White "Goossens, R."]
[Black "Erwich, Frank"]
[Result "1-0"]
[WhiteElo "2093"]
[BlackElo "2328"]
[PlyCount "81"]
[EventDate "2014.08.02"]
[EventType "swiss"]
[EventRounds "9"]
[EventCountry "NED"]
[Source "Mark Crowther"]
[SourceDate "2014.08.04"]

1. Nf3 Nf6 2. c4 e6 3. Nc3 c5 4. g3 b6 5. Bg2 Bb7 6. O-O Be7 7. b3 O-O 8. Bb2
d5 9. e3 dxc4 10. bxc4 Nc6 11. Qe2 a6 12. Rab1 Qc7 13. Ne1 Rab8 14. f4 Na7 15.
a4 Rfd8 16. Ba1 Bxg2 17. Qxg2 Nc6 18. g4 Nb4 19. g5 Ne8 20. Rf3 Nd6 21. Rh3 Nf5
22. Qg4 Qb7 23. Nf3 Nd3 24. Nd5 Rxd5 25. cxd5 Qxd5 26. Qh5 h6 27. gxh6 Nxh6 28.
Ng5 Bf8 29. Qe2 c4 30. Rf1 b5 31. Rff3 bxa4 32. Rf1 a3 33. Nf3 a2 34. Qg2 g6
35. Qg5 Rb1 36. Qf6 e5 37. fxe5 Bg7 38. Qxa6 Nf5 39. Qc8+ Bf8 40. Rh8+ Kxh8 41.
Qxf8+ 1-0

[Event "18th HZ Open 2014"]
[Site "Vlissingen NED"]
[Date "2014.08.03"]
[Round "3.26"]
[White "Haak, E."]
[Black "Sowray, P."]
[Result "1-0"]
[WhiteElo "2092"]
[BlackElo "2325"]
[PlyCount "91"]
[EventDate "2014.08.02"]
[EventType "swiss"]
[EventRounds "9"]
[EventCountry "NED"]
[Source "Mark Crowther"]
[SourceDate "2014.08.04"]

1. d4 d6 2. Nf3 g6 3. c4 f5 4. Nc3 Nf6 5. Bg5 Nbd7 6. Qc2 Bg7 7. e4 Nxe4 8.
Nxe4 fxe4 9. Qxe4 Nf6 10. Qc2 c5 11. d5 O-O 12. Bd3 Qe8 13. O-O b5 14. Bxf6
Bxf6 15. cxb5 Qf7 16. Rad1 a6 17. bxa6 Bxa6 18. a4 Rfb8 19. b3 Rb4 20. Rfe1 Qe8
21. Bxa6 Rxa6 22. Re4 Rxe4 23. Qxe4 Rb6 24. Rd3 Qb8 25. Nd2 Kg7 26. Qe3 Rb4 27.
g3 Qb7 28. Nc4 Qd7 29. Kg2 Bd4 30. Qe4 Rb8 31. Rf3 Re8 32. Qf4 Bf6 33. g4 Kg8
34. g5 Bg7 35. Qe4 Rb8 36. a5 Rb7 37. Nb6 Qe8 38. Qe6+ Kh8 39. Rf7 Rc7 40. Nc4
Qa8 41. Nxd6 Rd7 42. Qxd7 Qxd5+ 43. f3 Qxg5+ 44. Qg4 Qd2+ 45. Kh3 Qh6+ 46. Kg3
1-0

[Event "18th HZ Open 2014"]
[Site "Vlissingen NED"]
[Date "2014.08.03"]
[Round "3.27"]
[White "Bezemer, A."]
[Black "Van der Zalm, M."]
[Result "1-0"]
[WhiteElo "2287"]
[BlackElo "2057"]
[PlyCount "79"]
[EventDate "2014.08.02"]
[EventType "swiss"]
[EventRounds "9"]
[EventCountry "NED"]
[Source "Mark Crowther"]
[SourceDate "2014.08.04"]

1. d4 d6 2. e4 Nf6 3. Nc3 g6 4. Be3 c6 5. h3 Nbd7 6. f4 e5 7. Nf3 Qe7 8. Bd3 b5
9. a3 Bb7 10. O-O Bg7 11. Qe1 a6 12. dxe5 dxe5 13. fxe5 Nxe5 14. Nxe5 Qxe5 15.
Qf2 O-O-O 16. Bf4 Qe6 17. Bg5 Nh5 18. Bxd8 Rxd8 19. Kh1 Bd4 20. Qf3 c5 21. Nd5
Rxd5 22. exd5 Bxd5 23. Qxh5 gxh5 24. Bf5 Bxb2 25. Rad1 Bc4 26. Bxe6+ Bxe6 27.
Rf3 Kc7 28. Kg1 a5 29. Kf2 b4 30. a4 c4 31. Ke2 Bg7 32. Rdf1 Kc6 33. Rxf7 Bc3
34. Rxh7 b3 35. Rh6 Kd6 36. cxb3 cxb3 37. Kd3 Bb4 38. Rb1 Kd7 39. Rxe6 Kxe6 40.
Rxb3 1-0

[Event "18th HZ Open 2014"]
[Site "Vlissingen NED"]
[Date "2014.08.03"]
[Round "3.28"]
[White "Afek, Y."]
[Black "Van de Wynkele, E."]
[Result "1-0"]
[WhiteElo "2282"]
[BlackElo "2024"]
[PlyCount "54"]
[EventDate "2014.08.02"]
[EventType "swiss"]
[EventRounds "9"]
[EventCountry "NED"]
[Source "Mark Crowther"]
[SourceDate "2014.08.04"]

1. c4 e5 2. Nc3 Nc6 3. g3 d6 4. Bg2 Be6 5. d3 Qd7 6. Rb1 g6 7. b4 Bg7 8. b5 Nd8
9. h4 h6 10. Bd2 Nf6 11. Nd5 Nh5 12. Nf3 O-O 13. Qc1 Kh7 14. Qa3 f5 15. b6 Bxd5
16. cxd5 cxb6 17. Bh3 Qe7 18. e4 Nf6 19. Bb4 Ne8 20. Kf1 b5 21. h5 Kg8 22. hxg6
fxe4 23. dxe4 a5 24. Bd2 Qf6 25. Bf5 Nc7 26. g4 b4 27. Qd3 Qe7 1-0

[Event "18th HZ Open 2014"]
[Site "Vlissingen NED"]
[Date "2014.08.03"]
[Round "3.29"]
[White "Vedder, R."]
[Black "Hummel, J."]
[Result "1-0"]
[WhiteElo "2277"]
[BlackElo "1996"]
[PlyCount "33"]
[EventDate "2014.08.02"]
[EventType "swiss"]
[EventRounds "9"]
[EventCountry "NED"]
[Source "Mark Crowther"]
[SourceDate "2014.08.04"]

1. e4 e6 2. d4 d5 3. Nc3 Bb4 4. e5 c5 5. Qg4 Ne7 6. dxc5 Nbc6 7. Bd2 O-O 8. Nf3
f5 9. exf6 Rxf6 10. O-O-O e5 11. Qh5 Bf5 12. Bg5 Bxc3 13. Bxf6 gxf6 14. bxc3
Qa5 15. Nh4 Be6 16. Rd3 Kh8 17. Qh6 1-0

[Event "18th HZ Open 2014"]
[Site "Vlissingen NED"]
[Date "2014.08.03"]
[Round "3.30"]
[White "Linster, P."]
[Black "Schouten, Jordy"]
[Result "1/2-1/2"]
[WhiteElo "2269"]
[BlackElo "1984"]
[PlyCount "62"]
[EventDate "2014.08.02"]
[EventType "swiss"]
[EventRounds "9"]
[EventCountry "NED"]
[Source "Mark Crowther"]
[SourceDate "2014.08.04"]

1. Nf3 f5 2. d3 Nf6 3. e4 d6 4. Nc3 e5 5. exf5 Bxf5 6. d4 e4 7. Nh4 Bg4 8. Be2
Bxe2 9. Qxe2 Be7 10. Nxe4 O-O 11. Nf3 Nc6 12. O-O Qd7 13. c3 Nxe4 14. Qxe4 Rae8
15. d5 Nd8 16. Nd4 Bf6 17. Qd3 Qg4 18. Be3 Re5 19. c4 Rh5 20. f4 Bxd4 21. Qxd4
Rf6 22. Rf3 Rg6 23. Rg3 Qh4 24. Rxg6 Qxh2+ 25. Kf2 hxg6 26. Qe4 Rf5 27. Qe8+
Rf8 28. Qxg6 Nf7 29. Qg3 Qh7 30. Bd4 Nh6 31. Kg1 Nf5 1/2-1/2

[Event "18th HZ Open 2014"]
[Site "Vlissingen NED"]
[Date "2014.08.03"]
[Round "3.31"]
[White "Tikranian, Alik"]
[Black "Van den Berg, Ad"]
[Result "1/2-1/2"]
[WhiteElo "2008"]
[BlackElo "2235"]
[PlyCount "93"]
[EventDate "2014.08.02"]
[EventType "swiss"]
[EventRounds "9"]
[EventCountry "NED"]
[Source "Mark Crowther"]
[SourceDate "2014.08.04"]

1. c4 e5 2. g3 d6 3. Bg2 c6 4. Nc3 Be6 5. d3 Nf6 6. Nf3 h6 7. O-O Be7 8. Qc2
Nbd7 9. Rb1 d5 10. b3 O-O 11. e4 dxe4 12. dxe4 Qc7 13. Bb2 a5 14. Rbd1 Bg4 15.
h3 Bxf3 16. Bxf3 Nc5 17. Rd2 Rfd8 18. Rfd1 Rxd2 19. Rxd2 Rd8 20. Rxd8+ Qxd8 21.
Be2 Ne6 22. Nd1 Nd4 23. Qd3 Bc5 24. Kg2 Qe7 25. Ne3 g6 26. Ng4 Nxg4 27. Bxg4 h5
28. Bxd4 Bxd4 29. Bf3 h4 30. Qd2 hxg3 31. fxg3 Qa3 32. Qc2 b5 33. cxb5 cxb5 34.
Be2 Qb4 35. a3 Qxa3 36. Bxb5 Qa1 37. Bc4 Qg1+ 38. Kf3 Kg7 39. h4 Qe3+ 40. Kg2
f6 41. Bd5 Qg1+ 42. Kh3 Bf2 43. Qd3 Bd4 44. Qf3 Qc1 45. Kg2 Qc2+ 46. Kh3 Qc8+
47. Qg4 1/2-1/2

[Event "18th HZ Open 2014"]
[Site "Vlissingen NED"]
[Date "2014.08.03"]
[Round "3.32"]
[White "Michalczak, T."]
[Black "Engelaer, M."]
[Result "1-0"]
[WhiteElo "2230"]
[BlackElo "1989"]
[PlyCount "37"]
[EventDate "2014.08.02"]
[EventType "swiss"]
[EventRounds "9"]
[EventCountry "NED"]
[Source "Mark Crowther"]
[SourceDate "2014.08.04"]

1. e4 Nf6 2. e5 Nd5 3. d4 d6 4. c4 Nb6 5. f4 dxe5 6. fxe5 c5 7. d5 g6 8. Nc3
Bg7 9. Bf4 O-O 10. Qd2 e6 11. d6 Nc6 12. Nf3 Nd7 13. Qe3 Qa5 14. O-O-O a6 15.
Bh6 Bxh6 16. Qxh6 Ncxe5 17. Ng5 Nf6 18. Nce4 Ned7 19. Bd3 1-0